|
|
|
|
| LEADER |
00000nam2a2200000 4500 |
| 001 |
301496 |
| 005 |
20231102001416.0 |
| 035 |
|
|
|a (RuTPU)RU\TPU\book\326668
|
| 090 |
|
|
|a 301496
|
| 100 |
|
|
|a 20150731d1982 k y0rusy5003 ca
|
| 101 |
0 |
|
|a rus
|
| 102 |
|
|
|a RU
|
| 105 |
|
|
|a a z 001zy
|
| 200 |
0 |
|
|a Вып. 6
|f под ред. Е. Б. Механцева
|
| 210 |
|
|
|d 1982
|
| 215 |
|
|
|a 119 с.
|c ил.
|
| 320 |
|
|
|a Библиогр. в конце ст.
|
| 461 |
|
1 |
|0 (RuTPU)RU\TPU\book\164520
|t Функциональные микроэлектронные устройства и их элементы
|o межвузовский тематический научный сборник
|f Таганрогский радиотехнический институт (ТРТИ)
|v Вып. 6
|d 1973-1982
|
| 606 |
1 |
|
|a Микроэлектронные схемы интегральные
|x Конструкция и расчет
|2 stltpush
|3 (RuTPU)RU\TPU\subj\43836
|9 63277
|
| 610 |
1 |
|
|a микроэлектроника
|
| 610 |
1 |
|
|a микроэлектронные устройства
|
| 610 |
1 |
|
|a элементы
|
| 610 |
1 |
|
|a большие интегральные системы
|
| 610 |
1 |
|
|a БИС
|
| 610 |
1 |
|
|a аналоговые коммутаторы
|
| 610 |
1 |
|
|a измерительные преобразователи
|
| 610 |
1 |
|
|a топологика
|
| 610 |
1 |
|
|a корректирующие устройства
|
| 610 |
1 |
|
|a полевые транзисторы
|
| 610 |
1 |
|
|a электротермические процессы
|
| 610 |
1 |
|
|a электротепловые преобразователи
|
| 675 |
|
|
|a 621.382.049.77
|z rus
|v 3
|
| 702 |
|
1 |
|a Механцев
|b Е. Б.
|g Евгений Борисович
|4 340
|
| 801 |
|
0 |
|a RU
|b RuMRKP
|c 19950704
|g psbo
|
| 801 |
|
1 |
|a RU
|b 63413507
|c 20150731
|
| 801 |
|
2 |
|a RU
|b 63413507
|c 20190621
|g RCR
|
| 942 |
|
|
|c BK
|